| 000 -LEADER |
| fixed length control field |
00448cam a2200145 i 4500 |
| 008 - FIXED-LENGTH DATA ELEMENTS--GENERAL INFORMATION |
| fixed length control field |
750214s1974 enka b 001 0 eng |
| 020 ## - INTERNATIONAL STANDARD BOOK NUMBER |
| International Standard Book Number |
0856546097 |
| 082 00 - |
| Classification number |
769/.569 |
| 100 1# - MAIN ENTRY--AUTHOR'S NAME |
| Author's Name |
Finlay, William, |
| Dates associated with a name |
1936-2007. |
| 245 13 - TITLE STATEMENT |
| Title |
An illustrated history of stamp design / |
| Statement of responsibility, etc. |
by William Finlay [i.e. J. A. Mackay]. |
| 260 ## - PUBLICATION, DISTRIBUTION, ETC. (IMPRINT) |
| Place of publication, distribution, etc. |
[London] : |
| Name of publisher, distributor, etc. |
Peter Lowe, |
| Date of publication, distribution, etc. |
[1974] |
| 500 ## - GENERAL NOTE |
| General note |
Includes index. |
| 650 #0 - TOPICAL TERM (Tag) |
| Topical term or geographic name |
Postage stamp design |
| 650 #0 - TOPICAL TERM (Tag) |
| Topical term or geographic name |
Postage stamps |